| 000 | 00728nam a2200217Ia 4500 | ||
|---|---|---|---|
| 003 | GCL | ||
| 008 | 140319s9999 xx 000 0 ara d | ||
| 040 |
_aGCL / _cGCL |
||
| 082 | 0 | 4 |
_a961.04 _bط س |
| 100 | 1 | _aطارق البشرى | |
| 245 | 1 | 0 |
_aسعد زغلول يفاوض الاستعمار- دراسة فىالمفاوضات المصرية البريطانية 1920ـ1924 / _cطارق البشرى |
| 260 |
_a[S.N] : _bالهيئة المصرية العامة للكتاب ، _c1977 |
||
| 300 | _a253 ص | ||
| 490 | _a | ||
| 650 | 0 | 4 | _aالعصر الحديث |
| 650 | 0 | 4 | _aمصر |
| 650 | 0 | 4 | _aتاريخ |
| 650 | 0 | 4 | _aالعصر الحجرى |
| 650 | 0 | 4 | _aالاحتلال البريطانى |
| 942 |
_2ddc _cBK |
||
| 999 |
_c58490 _d58490 |
||